| 000 | 00576nam a2200205 a 4500 | ||
|---|---|---|---|
| 001 | 5416 | ||
| 003 | CO-ViMGA | ||
| 008 | 141112s2004 ck r 000 u spa d | ||
| 040 |
_aCO-ViMGA _bspa _cCO-ViMGA |
||
| 082 | 0 | 4 | _a808.068 E765 |
| 100 | 1 |
_aEsopo, _93854 |
|
| 245 | 1 | 0 |
_aFabulas / _cEsopo, Tomas de Iriarte , Samaniego Felix María |
| 260 |
_aSantafé de Bogotá : _bPanAméricana, _c1996 |
||
| 300 | _a258 p : il | ||
| 490 | _aCorcel | ||
| 650 | 1 | 4 |
_aFABULAS _91053 |
| 650 | 1 | 4 |
_aIriarte, Tomás de _95145 |
| 650 | 1 | 4 |
_aSamaniego, Felix María _95146 |
| 942 |
_2ddc _cBK |
||
| 999 |
_c17405 _d17405 |
||